[Event "15. Bayer Open"]
[Site "Leverkusen"]
[Date "2017.02.13"]
[Round "4.43"]
[White "Riesen, Peter"]
[Black "Weirich, Ralf"]
[Result "1-0"]
[WhiteElo "1670"]
[BlackElo "1251"]
[PlyCount "83"]
[EventDate "2017.??.??"]
[WhiteTeam "Klub Kölner SF"]
[BlackTeam "TV Witzhelden"]

1. e4 e5 2. Nf3 Nc6 3. Bc4 Bc5 4. c3 Nf6 5. d3 O-O 6. a4 a5 7. O-O d5 8. exd5
Nxd5 9. Re1 Bg4 10. Nbd2 Nf4 11. Ne4 Ba7 12. h3 Be6 13. Bb5 f6 14. Bxc6 bxc6
15. d4 Ng6 16. Be3 Qd5 17. dxe5 Nxe5 18. Bxa7 Nxf3+ 19. Qxf3 Rxa7 20. Qe3 Raa8
21. Nc5 Bf7 22. Red1 Rfe8 23. Rxd5 Rxe3 24. Rd7 Re2 25. Rxc7 Bd5 26. b4 axb4
27. cxb4 Rb2 28. Re1 Rxb4 29. Ree7 Kh8 30. Rxg7 Bg8 31. Rge7 Rbb8 32. Rxc6 Re8
33. Rxe8 Rxe8 34. Rxf6 Re1+ 35. Kh2 Re5 36. Rc6 Bd5 37. Rc7 Re2 38. Kg3 Re1 39.
a5 Rg1 40. f3 Ra1 41. a6 Kg8 42. a7 1-0

[Event "15. Bayer Open"]
[Site "Leverkusen"]
[Date "2017.02.13"]
[Round "4.44"]
[White "Humeniuk, Andreas"]
[Black "Azimi, Reza"]
[Result "1-0"]
[WhiteElo "1734"]
[BlackElo "1303"]
[PlyCount "85"]
[EventDate "2017.??.??"]
[WhiteTeam "SF Köln-Mülheim"]
[BlackTeam "Schachuzipus Köln-Mülheim"]

1. d4 d5 2. Nf3 c6 3. e3 Bg4 4. c3 Nf6 5. Qb3 Qc7 6. Nbd2 Nbd7 7. Bd3 e6 8. h3
Bh5 9. O-O Bd6 10. Re1 O-O 11. Qc2 Bg6 12. e4 dxe4 13. Nxe4 Nxe4 14. Bxe4 Bxe4
15. Qxe4 Nf6 16. Qh4 Be7 17. Ne5 Rad8 18. Qg3 Bd6 19. Bg5 Kh8 20. Qf3 Be7 21.
Bf4 Qb6 22. Rab1 Nd5 23. Bh2 Bf6 24. Qh5 g6 25. Qf3 Bxe5 26. Bxe5+ f6 27. Bg3
Rde8 28. c4 Nb4 29. Bd6 Rf7 30. Bc5 Qa5 31. Qc3 Qc7 32. Bxb4 b6 33. Qf3 c5 34.
dxc5 bxc5 35. Bc3 e5 36. Rbd1 Ref8 37. Qd5 Re8 38. f4 Rfe7 39. fxe5 fxe5 40.
Rxe5 Rxe5 41. Re1 h6 42. Bxe5+ Rxe5 43. Qxe5+ 1-0

[Event "15. Bayer Open"]
[Site "Leverkusen"]
[Date "2017.02.13"]
[Round "4.45"]
[White "Stuch, Hans-Ferdinand"]
[Black "Sinner, Joselyne"]
[Result "1-0"]
[WhiteElo "1570"]
[BlackElo "1050"]
[PlyCount "97"]
[EventDate "2017.??.??"]
[WhiteTeam "SC Bonn Beuel"]
[BlackTeam "SG Porz"]

1. d4 d5 2. Nf3 Nf6 3. Bf4 Bf5 4. e3 Nbd7 5. c4 c6 6. Qb3 b6 7. Nc3 e6 8. cxd5
exd5 9. Rc1 Rb8 10. Bxb8 Qxb8 11. Be2 Bd6 12. O-O Bg4 13. h3 Bxf3 14. Bxf3 Bh2+
15. Kh1 Bd6 16. e4 Bf4 17. Rc2 h5 18. exd5 cxd5 19. Re1+ Kf8 20. Nxd5 Bd6 21.
Qc4 g5 22. Nxf6 Nxf6 23. Qc8+ Qxc8 24. Rxc8+ Kg7 25. Rxh8 Kxh8 26. g4 h4 27.
Rc1 Bb4 28. Rc7 Kg7 29. Rxa7 Be1 30. Kg2 Ba5 31. Rb7 Ne8 32. a3 Bd2 33. Rxb6
Bc1 34. a4 Nc7 35. Rc6 Bf4 36. d5 Ne8 37. b4 Bd6 38. b5 Kf8 39. b6 Ke7 40. a5
Bb8 41. a6 Kd7 42. a7 Bxa7 43. bxa7 Nc7 44. Rxc7+ Kxc7 45. a8=Q f6 46. Qc6+ Kd8
47. d6 f5 48. Qc7+ Ke8 49. Qe7# 1-0

[Event "15. Bayer Open"]
[Site "Leverkusen"]
[Date "2017.02.13"]
[Round "4.46"]
[White "Ecker, Karl-Heinz"]
[Black "Rist, Kurt"]
[Result "0-1"]
[WhiteElo "1396"]
[BlackElo "1503"]
[PlyCount "50"]
[EventDate "2017.??.??"]
[WhiteTeam "SK Köln-Worringen"]
[BlackTeam "SG Solingen"]

1. e4 c5 2. Bc4 e6 3. Nf3 Nc6 4. c3 a6 5. a4 Nf6 6. d3 d5 7. exd5 exd5 8. Bb3
Bg4 9. Qe2+ Be7 10. O-O O-O 11. Bc2 Re8 12. Bf4 Bd6 13. Qd2 Bxf3 14. gxf3 Ne5
15. Kg2 d4 16. Bg3 Bc7 17. Bh4 Nxf3 18. Bxf6 gxf6 19. Qd1 Qd6 20. Rh1 Ne1+ 21.
Kf1 Kh8 22. Nd2 Nxc2 23. Qxc2 Qe6 24. Ne4 Qh3+ 25. Kg1 Rxe4 0-1

[Event "15. Bayer Open"]
[Site "Leverkusen"]
[Date "2017.02.13"]
[Round "4.47"]
[White "Paul, André David"]
[Black "Eßer, Julian"]
[Result "0-1"]
[WhiteElo "1544"]
[BlackElo "1132"]
[PlyCount "102"]
[EventDate "2017.??.??"]
[WhiteTeam "Kölner SK Dr. Lasker"]
[BlackTeam "SC Bayer Leverkusen"]

1. d4 d5 2. c4 e6 3. e3 Nf6 4. Nc3 Be7 5. Nf3 Nc6 6. a3 a5 7. b3 O-O 8. Bd3
dxc4 9. bxc4 Na7 10. O-O c5 11. d5 Kh8 12. e4 exd5 13. exd5 b5 14. Re1 bxc4 15.
Bxc4 Bg4 16. Rb1 Bd6 17. Bg5 h6 18. Bxf6 Qxf6 19. Ne4 Bxf3 20. Qxf3 Qxf3 21.
gxf3 Rad8 22. Rb6 Nc8 23. Ra6 Rfe8 24. Rb1 f5 25. Nc3 Bc7 26. Rc6 Nd6 27. Ba6
Ra8 28. a4 Bb8 29. Nb5 Nxb5 30. Bxb5 Rd8 31. Rd1 Bd6 32. Re1 Ra7 33. Re6 Bf8
34. Bc4 Kh7 35. Ra6 Rxa6 36. Rxa6 Be7 37. Rxa5 Kg6 38. Ra7 Bd6 39. a5 Kf6 40.
a6 Rc8 41. Bb5 Bc7 42. Rb7 Bd6 43. Rd7 Bb8 44. a7 Bxa7 45. Rxa7 c4 46. Ra1 c3
47. Bc6 Ke5 48. Ra4 Rb8 49. f4+ Kd6 50. Ra1 c2 51. Ba4 Rb1+ 0-1

[Event "15. Bayer Open"]
[Site "Leverkusen"]
[Date "2017.02.13"]
[Round "4.49"]
[White "Liebsch, Ulrich"]
[Black "Multhauf, Stefan"]
[Result "1/2-1/2"]
[WhiteElo "1687"]
[BlackElo "1661"]
[PlyCount "70"]
[EventDate "2017.??.??"]
[WhiteTeam "SC Bayer Leverkusen"]
[BlackTeam "Königsspringer Leverkusen"]

1. c4 g6 2. Nc3 Bg7 3. d4 d6 4. e4 e5 5. d5 f5 6. Bd3 f4 7. g3 fxg3 8. hxg3 Nf6
9. Bg5 h6 10. Bd2 g5 11. Qe2 Na6 12. O-O-O Bd7 13. f4 gxf4 14. gxf4 Bg4 15. Nf3
exf4 16. Bxf4 Nh5 17. Bh2 Bxc3 18. bxc3 Qf6 19. Rdf1 Qxc3+ 20. Qc2 Qxc2+ 21.
Bxc2 Rf8 22. Bd1 Nc5 23. e5 Bh3 24. Rfg1 Nd3+ 25. Kd2 Nf2 26. Nd4 Nxh1 27.
Bxh5+ Ke7 28. exd6+ cxd6 29. Rxh1 Rf2+ 30. Be2 Bg4 31. Bg3 Rg2 32. Bh4+ Kd7 33.
Kd3 h5 34. Rf1 Bxe2+ 35. Nxe2 Re8 1/2-1/2

[Event "15. Bayer Open"]
[Site "Leverkusen"]
[Date "2017.02.13"]
[Round "4.50"]
[White "Dörper, Georg"]
[Black "Hegmann, Werner"]
[Result "0-1"]
[WhiteElo "1344"]
[BlackElo "1483"]
[PlyCount "46"]
[EventDate "2017.??.??"]
[WhiteTeam "SF Düsseldorf-Süd"]
[BlackTeam "SV Opladen"]

1. d4 d5 2. c4 e6 3. Nc3 f5 4. cxd5 exd5 5. Nf3 c6 6. Bf4 Bd6 7. Bxd6 Qxd6 8.
e3 Nd7 9. Bd3 g6 10. O-O Ngf6 11. h3 O-O 12. Rc1 b5 13. a3 Bb7 14. b4 a5 15.
Rb1 axb4 16. axb4 Ra3 17. Ne2 Rfa8 18. Nf4 Ne4 19. Ne2 R3a4 20. Nh2 Rxb4 21.
Rxb4 Qxb4 22. f3 Nc3 23. Nxc3 Qxc3 0-1

[Event "15. Bayer Open"]
[Site "Leverkusen"]
[Date "2017.02.13"]
[Round "4.51"]
[White "Riesen, Ingo"]
[Black "Milz, Ulrich"]
[Result "1/2-1/2"]
[WhiteElo "1410"]
[BlackElo "1458"]
[PlyCount "46"]
[EventDate "2017.??.??"]
[WhiteTeam "Klub Kölner SF"]
[BlackTeam "SC Bayer Leverkusen"]

1. d4 b6 2. c4 e6 3. e3 Bb7 4. Nf3 Nf6 5. Bd3 Nc6 6. O-O h6 7. Nc3 a6 8. a3 Ne7
9. Re1 d5 10. Qa4+ Bc6 11. Qb3 dxc4 12. Bxc4 Bxf3 13. gxf3 Ng6 14. Kf1 Nh4 15.
Ke2 Qd7 16. Bd2 Qc6 17. d5 Qb7 18. e4 O-O-O 19. Rad1 b5 20. Bd3 exd5 21. exd5
g5 22. Be3 Bg7 23. h3 Rhe8 1/2-1/2

[Event "15. Bayer Open"]
[Site "Leverkusen"]
[Date "2017.02.13"]
[Round "4.52"]
[White "Yon, Gregory"]
[Black "Wotzka, Anton"]
[Result "1/2-1/2"]
[WhiteElo "1520"]
[BlackElo "1513"]
[PlyCount "42"]
[EventDate "2017.??.??"]
[WhiteTeam "Bergische SF"]
[BlackTeam "SF Schlebusch"]

1. d4 d5 2. c4 e6 3. Nc3 Nf6 4. Bg5 Be7 5. cxd5 exd5 6. Qc2 c6 7. e3 O-O 8. Bd3
h6 9. Bxf6 Bxf6 10. Nge2 Nd7 11. O-O Re8 12. Ng3 Be7 13. Nh5 Nf6 14. Ng3 Qc7
15. e4 dxe4 16. Ncxe4 Nd5 17. a3 Qd8 18. Rad1 Nf4 19. Bc4 Be6 20. d5 cxd5 21.
Ba2 Qc8 1/2-1/2

[Event "15. Bayer Open"]
[Site "Leverkusen"]
[Date "2017.02.13"]
[Round "4.54"]
[White "Foitzik, Peter"]
[Black "Brink, Manfred"]
[Result "1/2-1/2"]
[WhiteElo "1428"]
[BlackElo "934"]
[PlyCount "45"]
[EventDate "2017.??.??"]
[WhiteTeam "vereinslos"]
[BlackTeam "SK Köln-Worringen"]

1. e4 c5 2. Nc3 Nc6 3. g3 g6 4. Bg2 Bg7 5. d3 Nf6 6. f4 d6 7. Nf3 Bg4 8. Be3
Nd4 9. h3 Bxf3 10. Bxf3 Nxf3+ 11. Qxf3 e6 12. e5 dxe5 13. Qxb7 O-O 14. Bxc5 Re8
15. O-O exf4 16. Rxf4 e5 17. Rb4 Bf8 18. Bxf8 Kxf8 19. Rf1 Re6 20. Ne4 Kg7 21.
Ng5 Re7 22. Qc6 Rc7 23. Qf3 1/2-1/2

[Event "15. Bayer Open"]
[Site "Leverkusen"]
[Date "2017.03.13"]
[Round "5.1"]
[White "Balduan, Markus"]
[Black "Marcziter, Dmitrii"]
[Result "1/2-1/2"]
[WhiteElo "2219"]
[BlackElo "2254"]
[PlyCount "30"]
[EventDate "2017.??.??"]
[WhiteTeam "TV Witzhelden"]
[BlackTeam "DJK Aufwärts Aachen"]

1. Nf3 Nf6 2. c4 g6 3. Nc3 Bg7 4. e4 d6 5. d4 O-O 6. Be3 Na6 7. h3 c5 8. d5 e6
9. Bd3 exd5 10. exd5 Nc7 11. a4 Na6 12. O-O Nb4 13. Bb1 b6 14. Qd2 Re8 15. Bg5
Qd7 1/2-1/2

[Event "15. Bayer Open"]
[Site "Leverkusen"]
[Date "2017.03.13"]
[Round "5.2"]
[White "Auer, Martin"]
[Black "Scharff, Klaus"]
[Result "1-0"]
[WhiteElo "2167"]
[BlackElo "1880"]
[PlyCount "85"]
[EventDate "2017.??.??"]
[WhiteTeam "Bahn-SC Wuppertal"]
[BlackTeam "SV Opladen"]

1. e4 e6 2. d4 d6 3. c4 c6 4. Nc3 Ne7 5. Nf3 h6 6. Be2 Nd7 7. Be3 a6 8. O-O g5
9. Ne1 e5 10. c5 Ng6 11. cxd6 Bxd6 12. d5 c5 13. a4 Nf6 14. Nc2 Nf4 15. Na3 h5
16. Nc4 h4 17. a5 Nxe2+ 18. Qxe2 Nh5 19. Na4 Nf4 20. Qd1 Rb8 21. Nxc5 g4 22.
Nd3 f6 23. Qd2 Ng6 24. Rac1 Bc7 25. Bc5 Qd7 26. Ba7 Ra8 27. Bb6 Bd6 28. Nxd6+
Qxd6 29. Rc7 Bd7 30. Nc5 Nf8 31. Nxb7 Qe7 32. Bc5 Qh7 33. Nd6+ Kd8 34. Qb4 Ke7
35. Nf5+ Kf7 36. Bxf8 Kg6 37. Ne7+ Kh5 38. Rxd7 Raxf8 39. Rb7 Rf7 40. d6 g3 41.
fxg3 hxg3 42. hxg3 Kg4 43. Qc4 1-0

[Event "15. Bayer Open"]
[Site "Leverkusen"]
[Date "2017.03.13"]
[Round "5.3"]
[White "Wille, Thomas"]
[Black "Stillger, Bernhard"]
[Result "0-1"]
[WhiteElo "2013"]
[BlackElo "2240"]
[PlyCount "102"]
[EventDate "2017.??.??"]
[WhiteTeam "Velberter SG"]
[BlackTeam "Oberhausener SV"]

1. c4 e6 2. g3 d5 3. Bg2 Nf6 4. Nf3 Be7 5. O-O O-O 6. d3 c5 7. cxd5 exd5 8. b3
Nc6 9. Bb2 Bg4 10. h3 Bf5 11. Nbd2 Rc8 12. Rc1 d4 13. Re1 Re8 14. Nf1 Qd7 15.
Kh2 h6 16. Qc2 Nd5 17. Ng1 Ncb4 18. Qb1 Bg5 19. f4 Be7 20. Nf3 Nc6 21. e4 dxe3
22. Nxe3 Nxe3 23. Rxe3 Bf8 24. Ne5 Nxe5 25. fxe5 b5 26. g4 Bg6 27. Be4 Bxe4 28.
Rxe4 Red8 29. Re3 c4 30. bxc4 bxc4 31. d4 Qe6 32. Qf5 Bb4 33. Qxe6 fxe6 34. Rd1
c3 35. Bc1 Rc4 36. d5 Rxd5 37. Rf1 c2 38. Re2 Rd1 39. Kg2 Rxf1 40. Kxf1 Kf7 41.
Rf2+ Ke8 42. Ke2 Rc3 43. Rf3 Rxf3 44. Kxf3 Be7 45. Ke2 Bg5 46. Bxg5 hxg5 47.
Kd2 Kd7 48. Kxc2 Kc6 49. Kd3 Kd5 50. a4 Kxe5 51. Kc3 Kf4 0-1

[Event "15. Bayer Open"]
[Site "Leverkusen"]
[Date "2017.03.13"]
[Round "5.4"]
[White "Moors, Christoph"]
[Black "Peschel, Andreas"]
[Result "1/2-1/2"]
[WhiteElo "1938"]
[BlackElo "2157"]
[PlyCount "107"]
[EventDate "2017.??.??"]
[WhiteTeam "Düsseldorfer SK"]
[BlackTeam "SG Solingen"]

1. d4 d5 2. c4 c6 3. Nc3 e6 4. e3 Nf6 5. Nf3 Nbd7 6. Qc2 Bd6 7. Bd3 O-O 8. O-O
dxc4 9. Bxc4 b5 10. Be2 Bb7 11. Rd1 Qe7 12. e4 b4 13. e5 bxc3 14. exd6 Qxd6 15.
bxc3 Rfc8 16. Rb1 Qc7 17. Ne5 c5 18. Nxd7 Nxd7 19. Bf4 Qxf4 20. Rxb7 Nf6 21.
dxc5 Qe5 22. c6 Nd5 23. Bf3 Rxc6 24. Bxd5 exd5 25. g3 Rxc3 26. Qd2 Rc5 27. Rd7
a5 28. Rxd5 Qxd5 29. Qxd5 Rxd5 30. Rxd5 Kf8 31. Rd7 Ke8 32. Rb7 Ra6 33. a4 h5
34. h4 Kf8 35. Kf1 g6 36. Ke2 Kg7 37. Kd3 Rf6 38. f4 Rd6+ 39. Kc4 Rd1 40. Rb3
Rd8 41. Rb5 Rd1 42. f5 Rc1+ 43. Kd4 Rg1 44. fxg6 fxg6 45. Rg5 Kf6 46. Ke3 Re1+
47. Kf2 Re5 48. Rxe5 Kxe5 49. Ke3 Kf5 50. Kf3 g5 51. hxg5 Kxg5 52. Ke3 Kg4 53.
Kf2 Kg5 54. Ke3 1/2-1/2

[Event "15. Bayer Open"]
[Site "Leverkusen"]
[Date "2017.03.13"]
[Round "5.5"]
[White "Rotstein, Jefim"]
[Black "Glaser, Steffen"]
[Result "1-0"]
[WhiteElo "2241"]
[BlackElo "2033"]
[PlyCount "97"]
[EventDate "2017.??.??"]
[WhiteTeam "SC Tornado Hochneukirch"]
[BlackTeam "vereinslos"]

1. f4 g6 2. Nf3 Bg7 3. e4 c5 4. Be2 Nc6 5. O-O d5 6. d3 dxe4 7. dxe4 Qxd1 8.
Rxd1 Bd7 9. c3 b6 10. Na3 h5 11. Nc4 Rd8 12. a4 Be6 13. Rxd8+ Kxd8 14. Ng5 Nf6
15. f5 gxf5 16. exf5 Bd5 17. Bf4 Kc8 18. Ne3 Rd8 19. Ba6+ Kd7 20. Rd1 Ke8 21.
Bb5 a6 22. Nxd5 axb5 23. Nc7+ Kf8 24. Rxd8+ Nxd8 25. axb5 Nb7 26. Kf1 Nd6 27.
Bxd6 exd6 28. Ke2 Ke7 29. Na8 Nd7 30. Nc7 Be5 31. Nd5+ Ke8 32. Nf3 Kf8 33. Nxe5
dxe5 34. Kf3 f6 35. Ke4 Ke8 36. Ne3 Nf8 37. Nc4 Nd7 38. Kd5 Ke7 39. Nd6 Kd8 40.
Ke6 h4 41. g4 hxg3 42. hxg3 Kc7 43. Ne4 Kd8 44. Kf7 Kc7 45. Ke7 c4 46. Nd6 Nc5
47. Ne8+ Kb7 48. Nxf6 e4 49. Nd5 1-0

[Event "15. Bayer Open"]
[Site "Leverkusen"]
[Date "2017.03.13"]
[Round "5.6"]
[White "Hoffmann, Michael"]
[Black "Khanukov, Boris"]
[Result "0-1"]
[WhiteElo "1682"]
[BlackElo "2249"]
[PlyCount "50"]
[EventDate "2017.??.??"]
[WhiteTeam "SG Neuss"]
[BlackTeam "Bahn-SC Wuppertal"]

1. c4 Nf6 2. g3 g6 3. Bg2 Bg7 4. Nc3 O-O 5. e4 e5 6. Nge2 d6 7. d3 Nc6 8. O-O
Be6 9. Nd5 Qd7 10. Bg5 Ne8 11. Qd2 f6 12. Be3 Nd8 13. Rab1 c6 14. Ndc3 f5 15.
exf5 gxf5 16. f4 Nf6 17. h3 Nf7 18. Kh2 Qc7 19. b4 Rad8 20. Qc1 Rfe8 21. b5 c5
22. Qa3 b6 23. Qb3 Bc8 24. Nd5 Nxd5 25. Bxd5 exf4 0-1

[Event "15. Bayer Open"]
[Site "Leverkusen"]
[Date "2017.03.13"]
[Round "5.7"]
[White "ter Steeg, Marcus"]
[Black "Mohaupt, Sascha"]
[Result "0-1"]
[WhiteElo "2074"]
[BlackElo "2145"]
[PlyCount "68"]
[EventDate "2017.??.??"]
[WhiteTeam "SF Essen-Werden"]
[BlackTeam "SV Wermelskirchen"]

1. d4 d5 2. c4 c6 3. Nf3 Nf6 4. e3 Bf5 5. Nc3 a6 6. a4 h6 7. b4 dxc4 8. Bxc4 e6
9. Ba3 b5 10. Bd3 Bxd3 11. Qxd3 a5 12. Qb1 axb4 13. Bxb4 Bxb4 14. Qxb4 Na6 15.
Qb2 b4 16. Ne2 O-O 17. O-O Nd7 18. Rfc1 c5 19. dxc5 Ndxc5 20. Rc4 Nxa4 21. Qd4
N4c5 22. h3 Qe7 23. Qg4 b3 24. Rb1 Rfb8 25. Ned4 Rb6 26. Ne5 Qg5 27. Qf3 Ra7
28. Ndc6 Rc7 29. Rb4 Qf5 30. Rf4 Qxb1+ 31. Kh2 Rbxc6 32. Rxf7 Rxf7 33. Qxf7+
Kh7 34. f3 Qf5 0-1

[Event "15. Bayer Open"]
[Site "Leverkusen"]
[Date "2017.03.13"]
[Round "5.8"]
[White "Neubauer, Jürgen"]
[Black "Reinemer, Frank"]
[Result "1-0"]
[WhiteElo "1981"]
[BlackElo "2093"]
[PlyCount "61"]
[EventDate "2017.??.??"]
[WhiteTeam "SK Turm Euskirchen"]
[BlackTeam "Langenfelder SF"]

1. e4 Nf6 2. e5 Nd5 3. Nc3 c6 4. Nxd5 cxd5 5. d4 Nc6 6. c3 d6 7. f4 Rb8 8. Bd3
g6 9. Qf3 e6 10. Ne2 Bg7 11. Bd2 O-O 12. h4 f6 13. h5 fxe5 14. hxg6 e4 15. Qh5
hxg6 16. Qxg6 exd3 17. Qxd3 Qf6 18. O-O-O Kf7 19. g4 Ke8 20. Ng3 Ne7 21. Rh7
Rg8 22. Rdh1 Bd7 23. Nh5 Qf7 24. g5 Kd8 25. Nf6 Rf8 26. Rxg7 Qxg7 27. Rh7 Qg6
28. Qxg6 Nxg6 29. Nxd7 Nxf4 30. Nxf8 Nd3+ 31. Kc2 1-0

[Event "15. Bayer Open"]
[Site "Leverkusen"]
[Date "2017.03.13"]
[Round "5.9"]
[White "Bär, Marco"]
[Black "Lindam, Ingo"]
[Result "0-1"]
[WhiteElo "2101"]
[BlackElo "2071"]
[PlyCount "120"]
[EventDate "2017.??.??"]
[WhiteTeam "SC Bayer Leverkusen"]
[BlackTeam "Kölner SK Dr. Lasker"]

1. e4 c5 2. Nf3 e6 3. c3 Nf6 4. e5 Nd5 5. d4 cxd4 6. cxd4 d6 7. Bc4 Be7 8. O-O
O-O 9. Qe2 b6 10. Bd2 Bb7 11. Qe4 Nd7 12. Bd3 g6 13. exd6 Bxd6 14. Ng5 Nf4 15.
Qxb7 Qxg5 16. g3 Qd5 17. Be4 Ne2+ 18. Kg2 Qxd4 19. Be3 Qe5 20. Bf3 Nc5 21. Bxc5
Bxc5 22. Qa6 Qxb2 23. Qxe2 Qxa1 24. Bxa8 Rxa8 25. Qf3 Rd8 26. Nc3 Qb2 27. Rb1
Qc2 28. Rb3 Qf5 29. Qe2 Rd4 30. Nb5 Qd5+ 31. Qf3 Qxf3+ 32. Rxf3 Rd2 33. Nc3 Kg7
34. Ne4 Rd5 35. h4 Bd4 36. Ng5 Rf5 37. Rd3 Rxf2+ 38. Kh3 Bc5 39. Rd7 e5 40. Ne4
Rc2 41. Ng5 Rf2 42. Rxa7 h6 43. Ne6+ Kf6 44. Nd8 Kg7 45. Ne6+ Kh7 46. Nxc5 bxc5
47. Re7 c4 48. Rxe5 c3 49. Rc5 c2 50. Rc6 h5 51. Rc7 Kg7 52. Rc6 Kf8 53. Rc7
Ke8 54. g4 Kd8 55. Rc5 hxg4+ 56. Kxg4 Kd7 57. Rc3 Ke6 58. Kg3 Rd2 59. Kf4 Kd5
60. Rc8 Rd4+ 0-1

[Event "15. Bayer Open"]
[Site "Leverkusen"]
[Date "2017.03.13"]
[Round "5.10"]
[White "Schalow, Daniel"]
[Black "Werbeck, Torsten"]
[Result "1/2-1/2"]
[WhiteElo "2044"]
[BlackElo "2051"]
[PlyCount "74"]
[EventDate "2017.??.??"]
[WhiteTeam "Langenfelder SF"]
[BlackTeam "Bahn-SC Wuppertal"]

1. d4 g6 2. g3 Bg7 3. Bg2 c5 4. c3 cxd4 5. cxd4 Nf6 6. Nf3 O-O 7. O-O d5 8. Qb3
Nc6 9. Nc3 Na5 10. Qb4 Nc6 11. Qc5 Ne4 12. Qb5 a6 13. Qd3 Nxc3 14. Qxc3 Bf5 15.
e3 Rc8 16. Qb3 Na5 17. Qd1 Be4 18. b3 Qd6 19. Ne1 Bxg2 20. Kxg2 e5 21. Nc2 Qc7
22. Nb4 exd4 23. exd4 Nc6 24. Nxc6 Qxc6 25. Be3 Qe6 26. Qd3 f5 27. f3 Qb6 28.
Rac1 Qa5 29. Rc2 Qb5 30. Qd2 Rxc2 31. Qxc2 Re8 32. Qd2 Rc8 33. Rf2 Qc6 34. Bf4
Qc3 35. Be5 Qxd2 36. Rxd2 Bf8 37. g4 fxg4 1/2-1/2

[Event "15. Bayer Open"]
[Site "Leverkusen"]
[Date "2017.03.13"]
[Round "5.12"]
[White "Heller, Achim"]
[Black "Blumenthal, Ralf"]
[Result "1-0"]
[WhiteElo "2055"]
[BlackElo "1779"]
[PlyCount "43"]
[EventDate "2017.??.??"]
[WhiteTeam "SG Ennepe-Ruhr-Süd"]
[BlackTeam "SK Turm Euskirchen"]

1. d4 Nf6 2. c4 e5 3. dxe5 Ng4 4. Nf3 Bc5 5. e3 Nc6 6. Be2 O-O 7. O-O Ngxe5 8.
Nxe5 Nxe5 9. Nc3 d6 10. Na4 Be6 11. b3 Bb6 12. Bd2 f5 13. Qc2 c6 14. Nxb6 Qxb6
15. Qc3 Rae8 16. Rad1 Rf6 17. Bc1 Qc7 18. f4 Nf7 19. Bb2 Qd7 20. Rf3 Nd8 21.
Rg3 d5 22. Qxf6 1-0

[Event "15. Bayer Open"]
[Site "Leverkusen"]
[Date "2017.03.13"]
[Round "5.13"]
[White "Esser, Michael"]
[Black "Kuhn, Andreas"]
[Result "1/2-1/2"]
[WhiteElo "1993"]
[BlackElo "1877"]
[PlyCount "74"]
[EventDate "2017.??.??"]
[WhiteTeam "SC Bayer Leverkusen"]
[BlackTeam "SG Niederkassel"]

1. e4 e5 2. f4 Bc5 3. Nf3 d6 4. Bc4 Nf6 5. d3 Nc6 6. Nc3 Bg4 7. h3 Bxf3 8. Qxf3
Nd4 9. Qg3 O-O 10. fxe5 Nxc2+ 11. Kd1 Nxa1 12. exf6 Qxf6 13. Bg5 Qe5 14. Qxe5
dxe5 15. Kd2 c6 16. Rxa1 b5 17. Bb3 Rfc8 18. Rf1 Rc7 19. Be3 Bxe3+ 20. Kxe3 g6
21. Rf6 Kg7 22. Rd6 Re8 23. g4 h6 24. Ne2 a5 25. a3 Ree7 26. d4 f5 27. gxf5
gxf5 28. dxe5 Rxe5 29. Ng3 fxe4 30. Bc2 Rg5 31. Nxe4 Rh5 32. Nf2 b4 33. Be4
bxa3 34. bxa3 Rb7 35. Rg6+ Kf7 36. Rxc6 Rb3+ 37. Ke2 Re5 1/2-1/2

[Event "15. Bayer Open"]
[Site "Leverkusen"]
[Date "2017.03.13"]
[Round "5.14"]
[White "Ljuboschiz, Alexander"]
[Black "Beyer, Fabian"]
[Result "1/2-1/2"]
[WhiteElo "1991"]
[BlackElo "1694"]
[PlyCount "89"]
[EventDate "2017.??.??"]
[WhiteTeam "SC Tornado Hochneukirch"]
[BlackTeam "SG Solingen"]

1. e4 c6 2. d4 d5 3. Nd2 dxe4 4. Nxe4 Bf5 5. Ng3 Bg6 6. Nf3 Nd7 7. h4 h6 8. h5
Bh7 9. Bd3 Bxd3 10. Qxd3 e6 11. Bf4 Qa5+ 12. Bd2 Bb4 13. c3 Be7 14. O-O Ngf6
15. b4 Qc7 16. Qe2 O-O 17. Ne5 Bd6 18. f4 b6 19. Ne4 Rac8 20. Nxd7 Qxd7 21.
Nxf6+ gxf6 22. f5 exf5 23. Bxh6 Rfe8 24. Qf3 c5 25. bxc5 bxc5 26. Qxf5 Qxf5 27.
Rxf5 cxd4 28. cxd4 Re4 29. Rd1 Rc2 30. Rf2 Ree2 31. Rxe2 Rxe2 32. Rd2 Re4 33.
Kf2 Rh4 34. Be3 Rxh5 35. Kf3 Ra5 36. Bf4 Bb4 37. Rc2 Kg7 38. Bd2 Bxd2 39. Rxd2
Kf8 40. Ke4 f5+ 41. Kd3 Ke7 42. Kc4 Kd6 43. Rf2 a6 44. Rb2 Ra4+ 45. Kc3 1/2-1/2

[Event "15. Bayer Open"]
[Site "Leverkusen"]
[Date "2017.03.13"]
[Round "5.15"]
[White "Kamphausen, Johannes-Dieter"]
[Black "Kesseler, Heiko"]
[Result "0-1"]
[WhiteElo "1728"]
[BlackElo "2099"]
[PlyCount "112"]
[EventDate "2017.??.??"]
[WhiteTeam "SV Springer Hitdorf"]
[BlackTeam "Düsseldorfer SK"]

1. e4 c5 2. Nf3 Nc6 3. d4 cxd4 4. Nxd4 Nf6 5. Nc3 d6 6. Be3 e5 7. Nf3 Be7 8.
Bc4 O-O 9. O-O Bg4 10. h3 Bh5 11. Qd2 Bxf3 12. gxf3 Qc8 13. Kh2 Nd4 14. Bxd4
Qxc4 15. Be3 a6 16. Rad1 Rac8 17. Qd3 Qb4 18. Bc1 b5 19. a3 Qc5 20. Be3 Qc6 21.
Rg1 Nh5 22. Nd5 Qb7 23. c3 Bd8 24. Rg2 Kh8 25. Qd2 f5 26. Bg5 f4 27. Bxd8 Rcxd8
28. Rdg1 Rd7 29. Rg5 g6 30. Rd1 Qa7 31. Kg2 Rg8 32. Kf1 h6 33. Rxh5 gxh5 34.
Nf6 Rg6 35. Nxd7 Qxd7 36. Ke1 Qxh3 37. Qe2 Rg1+ 38. Kd2 Rxd1+ 39. Kxd1 h4 40.
Qd3 Qe6 41. Qf1 h3 42. Qh1 Kg7 43. Kc2 a5 44. Kb1 a4 45. Ka1 Kg6 46. Kb1 Kh5
47. Ka1 Kg5 48. Qg1+ Kf6 49. Kb1 Kf7 50. Ka1 Qg6 51. Qf1 h2 52. Qh3 Qg1+ 53.
Ka2 h1=Q 54. Qd7+ Kg8 55. Qe6+ Kh8 56. Qf6+ Qg7 0-1

[Event "15. Bayer Open"]
[Site "Leverkusen"]
[Date "2017.03.13"]
[Round "5.16"]
[White "Meul, Willi"]
[Black "Gülsen, Taylan"]
[Result "0-1"]
[WhiteElo "1740"]
[BlackElo "2040"]
[PlyCount "62"]
[EventDate "2017.??.??"]
[WhiteTeam "SV Hürth-Berrenrath"]
[BlackTeam "SG Niederkassel"]

1. d4 Nf6 2. Nf3 d6 3. c4 g6 4. Nc3 Bg7 5. e4 O-O 6. Be2 e5 7. d5 Na6 8. O-O
Nc5 9. Qc2 a5 10. Ne1 Ng4 11. Bxg4 Bxg4 12. f3 Bd7 13. Nd3 Nxd3 14. Qxd3 f5 15.
Be3 f4 16. Bf2 b6 17. Nb5 g5 18. Rac1 h5 19. Rc2 g4 20. Be1 Rf7 21. b4 axb4 22.
Bxb4 Bc8 23. Ra1 Qg5 24. Kh1 h4 25. fxg4 Bxg4 26. h3 Bh5 27. Rf2 Kh8 28. Bd2
Qg6 29. Nc3 Rg8 30. Rg1 Bh6 31. Qf1 Rfg7 0-1

[Event "15. Bayer Open"]
[Site "Leverkusen"]
[Date "2017.03.13"]
[Round "5.17"]
[White "Kies, Werner"]
[Black "Kaspar, Uwe"]
[Result "1-0"]
[WhiteElo "1862"]
[BlackElo "1835"]
[PlyCount "79"]
[EventDate "2017.??.??"]
[WhiteTeam "SC Bayer Leverkusen"]
[BlackTeam "Düsseldorfer SK"]

1. Nf3 b6 2. e4 e6 3. Nc3 Bb7 4. d4 Bb4 5. Bd3 Nf6 6. e5 Ne4 7. Bd2 Nxd2 8.
Qxd2 c5 9. dxc5 bxc5 10. O-O Nc6 11. Qf4 Bxc3 12. bxc3 h6 13. Rab1 Qc7 14. Qg4
Ne7 15. Be4 Bxe4 16. Qxe4 O-O 17. Rb7 Qa5 18. Rxd7 Nd5 19. c4 Qa4 20. Rd6 Rab8
21. Nd2 Rb4 22. f4 Rfb8 23. f5 Nc3 24. Qd3 Nb1 25. fxe6 fxe6 26. Rd8+ Rxd8 27.
Qxd8+ Kh7 28. Qd3+ Kg8 29. Nxb1 Rxc4 30. c3 Qxa2 31. Qf3 Ra4 32. Rd1 Qc2 33.
Nd2 a5 34. Nf1 Ra2 35. Ne3 Qg6 36. h3 a4 37. Qa8+ Kh7 38. Rd8 Qg3 39. Qe4+ Qg6
40. Rh8+ 1-0